| 000 | 00465nam a2200121Ia 4500 | ||
|---|---|---|---|
| 008 | 171212s9999 xx 000 0 und d | ||
| 020 | _a9780833052148 | ||
| 100 | _aQuinlivan, James T.;Oliker, Olga | ||
| 245 |
_cQuinlivan, James T.;Oliker, Olga _aNuclear Deterrence in Europe _bRussian Approaches to a New Environment and Implications for the United States |
||
| 260 |
_bRAND Corporation _c2011 |
||
| 650 | _aHistory | ||
| 856 | _uwww.jstor.org/stable/10.7249/mg1075af | ||
| 999 |
_c352369 _d352369 |
||